Statistiques concernant Sélection de Tuiles - Ville à Pays

Cliquez ici pour prendre le quiz!

Statistiques générales

  • Ce quiz a été pris 9 117 fois
  • Le résultat moyen est 44 sur 60

Statistiques - réponses

QuestionTuileSelect% Correct
brésiliennesRio de JaneiroOui
99%
brésiliennesSão PauloOui
97%
brésiliennesLa PazNon
95%
brésiliennesBuenos AiresNon
94%
polonaisesKievNon
94%
mexicainesPanamaNon
94%
indiennesBombayOui
93%
indiennesChongqingNon
93%
russesOulan-BatorNon
92%
polonaisesVilniusNon
92%
mexicainesBilbaoNon
91%
polonaisesBrestNon
91%
polonaisesVarsovieOui
91%
russesAlmatyNon
88%
mexicainesMalaboNon
87%
polonaisesOdessaNon
87%
russesSapporoNon
87%
russesTbilissiNon
87%
polonaisesKaliningradNon
86%
polonaisesLeipzigNon
86%
russesÜrümqiNon
86%
russesVladivostokOui
86%
brésiliennesCórdobaNon
85%
mexicainesTucsonNon
85%
indiennesColomboNon
84%
polonaisesCracovieOui
84%
indiennesThimphouNon
84%
indiennesChittagongNon
83%
mexicainesSan DiegoNon
80%
polonaisesBrnoNon
79%
indiennesLhasaNon
78%
indiennesCalcuttaOui
77%
brésiliennesCochabambaNon
77%
indiennesKarachiNon
77%
mexicainesGuadalajaraOui
76%
mexicainesTijuanaOui
76%
russesSotchiOui
74%
brésiliennesValparaísoNon
74%
mexicainesAcapulcoOui
72%
russesDonetskNon
72%
indiennesJaipurOui
72%
russesNovossibirskOui
71%
mexicainesTegucigalpaNon
69%
russesKharkivNon
64%
russesNijni NovgorodOui
64%
polonaisesGdańskOui
63%
polonaisesŁódźOui
62%
polonaisesKatowiceOui
61%
brésiliennesRecifeOui
58%
brésiliennesBelémOui
54%
brésiliennesManausOui
53%
mexicainesMonterreyOui
48%
mexicainesEl PasoNon
46%
indiennesAgraOui
38%
mexicainesCabo San LucasOui
38%
brésiliennesCuritibaOui
37%
indiennesPatnaOui
34%
indiennesAhmedabadOui
27%
russesOufaOui
24%
brésiliennesSalvadorOui
20%

Distribution des résultats

Percentile par nombre de réponses

% des personnes avec chaque résultat

Votre développement - résultats

Vous n’avez pas pris ce quiz